Statistics for Spanish Translations of Band Names #2

Click here to take the quiz!

General Stats

  • This quiz has been taken 823 times
  • The average score is 8 of 26

Answer Stats

SpanishBand Name% Correct
OasisOasis
92%
A Ce/ De CeAC/DC
90%
¡Mágica!Magic!
80%
Armas de Fuego y RosasGuns N' Roses
69%
Las Mamás y los PapásThe Mamas & the Papas
64%
Juego FríoColdplay
54%
Los Nuevos Chicos de la CuadraThe New Kids on the Block
46%
Héroes de la Clase de GimnasiaGym Class Heroes
44%
Los Muertos AgradecidosThe Grateful Dead
39%
ViajeJourney
29%
La Gente del PuebloThe Village People
29%
Amor de GrupoGrouplove
28%
Línea de Florida y GeorgiaFlorida Georgia Line
26%
En SincroníaN'Sync
26%
DiversiónFun
21%
Granate CincoMaroon 5
21%
Los Chicos del CallejónThe Backstreet Boys
17%
Chico que Cae al ExteriorFall Out Boy
16%
Doncella de HierroIron Maiden
13%
MezclitaLittle Mix
7%
PariaOutkast
4%
Prisa a Lo GrandeBig Time Rush
3%
Agujerea el VeloPierce the Veil
3%
Pulso de AceroSteel Pulse
3%
La Cucharada AmanteThe Lovin' Spoonful
2%
Los FlotadoresThe Drifters
1%

Score Distribution

Percentile by Number Answered

Percent of People with Each Score

Your Score History

You have not taken this quiz